Statistics for Non-Stop Scheduled Flights from Brazil with Exception

Click here to take the quiz!

General Stats

  • This quiz has been taken 265 times
  • The average score is 15 of 19

Answer Stats

Answer% Correct
London
99%
Paris
98%
Lisbon
96%
Madrid
95%
Rome
93%
Johannesburg
88%
Amsterdam
86%
Barcelona
86%
Frankfurt
86%
Dubai
85%
Porto
81%
Milan
80%
Istanbul
75%
Zurich
74%
Doha
73%
Luanda
64%
Casablanca
53%
Addis Ababa
51%
Sal
19%

Score Distribution

Percentile by Number Answered

Percent of People with Each Score

Your Score History

You have not taken this quiz